Normal view MARC view

Entry Personal Name

Number of records used in: 1

001 - CONTROL NUMBER

  • control field: 706

003 - CONTROL NUMBER IDENTIFIER

  • control field: DLC

005 - DATE AND TIME OF LATEST TRANSACTION

  • control field: 20191223153815.0

008 - FIXED-LENGTH DATA ELEMENTS

  • fixed length control field: 870107n| acannaab| |n aaa |||

010 ## - LIBRARY OF CONGRESS CONTROL NUMBER

  • LC control number: n 86066444

040 ## - CATALOGING SOURCE

  • Original cataloging agency: DLC
  • Transcribing agency: DLC
  • Modifying agency: DLC

100 10 - HEADING--PERSONAL NAME

  • Personal name: Young, Philip K. Y.

670 ## - SOURCE DATA FOUND

  • Source citation: The Pacific challenge in international ... 1987:
  • Information found: CIP t.p. (Philip K.Y. Young) galley (Ph. D., prof. of econom., Pace Univ., New York, N.Y.)

670 ## - SOURCE DATA FOUND

  • Source citation: The portable MBA in economics, c1994:
  • Information found: CIP t.p. (Philip K.Y. Young) data sheet (b. 08-01-45)

Powered by Koha